00411pam a2200133 a 4500020001500000082001200015100001900027245007100046250001200117260005500129300004900184500002000233650002400253 a053437192200a547 MCM1 aMcMurry, Susan10aOrganic chemistry : Study guide and solutions manual for McMurry's a5th ed. aPacific Grove, Calif. :bBrooks/Cole Pub.,cc1992. a1 v. (various pagings) :bill. (some col.) ; aIncludes index. 0aChemistry, Organic.